British Birds by Picture - Game Birds (Phasianidae Family) - Statistics

General Stats
  • This quiz has been taken 11 times
  • The average score is 9 of 10
Answer Stats
Picture Hint Answer % Correct
Lyrurus tetrix Black Grouse
100%
Phasianus colchicus Common Pheasant
100%
Chrysolophus pictus Golden Pheasant
100%
Perdix perdix Grey Partridge
100%
Coturnix coturnix Common Quail
83%
Chrysolophus amherstiae Lady Amherst's Pheasant
83%
Lagopus muta Rock Ptarmigan
83%
Tetrao urogallus Western Capercaillie
83%
Lagopus scotica Red Grouse
67%
Alectoris rufa Red-Legged Partridge
67%
No matching quizzes found
Score Distribution
Percent of People with Each Score
Percentile by Number Answered
Your Score History
You have not taken this quiz